Kapesní německo - český a česko - německý technický slovník
Enregistré dans:
| Auteur principal: | |
|---|---|
| Format: | Livre |
| Langue: | langue indéterminée |
| Publié: |
Praha
SNTL
1963
|
| Accès en ligne: | Voir à l'OPAC |
| Tags: |
Pas de tags, Soyez le premier à ajouter un tag!
|
MARC
| LEADER | 00000nam a2200000 a 4500 | ||
|---|---|---|---|
| 005 | 20260127133947.0 | ||
| 008 | 970619s1963 xx 0 und c | ||
| 035 | |a vtls001291349 | ||
| 035 | |a SNK000243020 | ||
| 039 | 9 | |a 200812020938 |b mschk03 |y 200412271640 |z VLOAD | |
| 040 | |a SNK |b slo |c SNK |d STUSCHK1 |e AACR2 | ||
| 100 | 1 | |a Klinger, E. | |
| 245 | 1 | |a Kapesní německo - český a česko - německý technický slovník | |
| 260 | |a Praha |b SNTL |c 1963 | ||
| 300 | |a 635 s. | ||
| 910 | |a SCHK95 | ||
| 999 | |c 935 |d 935 | ||